Estatísticas para Game of The Years

Clique aqui para jogar o quiz

Estatísticas Gerais

  • Esse quiz foi jogado 39 vezes
  • A pontuação média é 5 de 8

Estatísticas das Respostas

HintResposta% Correto
2018God of War
92%
2020The Last of Us Part II
69%
2021It Takes Two
58%
2015The Witcher 3: Wild Hunt
58%
2016Overwatch
56%
2019Sekiro: Shadows Die Twice
56%
2014Dragon Age: Inquisition
33%
2017The Legend of Zelda: Breath of the Wild
33%

Distribuição das Pontuações

Percentil de Números Respondidos

Porcentagem de Pessoas com Cada Pontuação

Sua Pontuação Histórica

Você não jogou esse quiz